Textbook of Community Health Nursing - I (Record no. 1815)

MARC details
000 -LEADER
Fixed length control field 00645nam a22002057a 4500
003 - CONTROL NUMBER IDENTIFIER
Control field IIN
005 - DATE AND TIME OF LATEST TRANSACTION
Control field 20250519115038.0
008 - FIXED-LENGTH DATA ELEMENTS--GENERAL INFORMATION
Fixed length control field 250519s2022 |||ad||| |||| 001 0 eng d
020 ## - INTERNATIONAL STANDARD BOOK NUMBER / ISBN
International Standard Book Number 9789386006462
Price Rs.695.00
040 ## - CATALOGING SOURCE
Original cataloging agency IIN
082 ## - DEWEY DECIMAL CLASSIFICATION NUMBER
Classification number 610.7343
Book Number AUR
100 ## - MAIN ENTRY--PERSONAL NAME
Personal name Aurasang, Chanagiri
245 ## - TITLE STATEMENT
Title Textbook of Community Health Nursing - I
Sub title including Environmental Hygiene and Health Education and Communication Skills for GNM Students/
Statement of responsibility Chanagiri Aurasang
250 ## - EDITION STATEMENT
Edition statement 2nd ed.
260 ## - IMPRINT
Place of publication Bangalore
Name of publisher EMMESS
Date of publication 2022
300 ## - PHYSICAL DESCRIPTION
Page / Vol. No viii, 412 p.
Other physical details ill.
500 ## - GENERAL NOTE
General note Includes Index
650 ## - SUBJECT ADDED ENTRY--TOPICAL TERM
Topical term Community Health
Form subdivision Nursing
942 ## - ADDED ENTRY ELEMENTS (KOHA)
Koha item type Books
Holdings
Withdrawn status Lost status Source of classification Damaged status Not for loan Collection code Home library Current library Shelving location Date acquired Price Total Checkouts Call number Accession number Date last seen Price effective from Koha item type
    Dewey Decimal Classification     Purches Book IDEAL INSTITUTE OF NURSING IDEAL INSTITUTE OF NURSING General Stacks 18/04/2025 695.00   610.7343 AUR 2023 19/05/2025 19/05/2025 Books
© Ideal Institute Of Nursing, All rights reserved.         Powered by Koha